00791nam a2200217 i 450000100060000000300090000600500170001500700030003200800410003510000360007624501120011225000120022426000320023630000220026849000450029070000270033583000520036285200210041499900170043595201210045293247ES-MaACL20250829025820.0t|050408s1982 sp |||| | spa d1 aLondon, Jack,d1876-191697321813aEl silencio blanco y otros cuentos / cJack London (seud.) ; introducción y selección de Carmen Criado. a4ª ed. aMadrid : bAlianza, c1982. a243 p. ; c18 cm.1 aEl libro de bolsillo. Clásicos ; v6731 aCriado, Carmen.94159203aEl libro de bolsillo. pClásicosv6739179723 aES-MaACLjL-7712 c93247d93247 00104070aATENEOMbATENEOMcDEPO2d2008-01-17eSCl0oL-7712p1097332r2023-02-23 00:00:00w2023-02-23yMONOGRAFIA